| 000 | 00689nam a2200181Ia 4500 | ||
|---|---|---|---|
| 008 | 191130s2009##################000#0#tam## | ||
| 040 |
_aACL _cACL |
||
| 082 | _a343.0946 MUB | ||
| 100 | _aமுபாரக் அலி, மு | ||
| 245 |
_aசாலை விதிகளும் பாதுகாப்பும் _cகலவை மு. முபாரக் அலி |
||
| 250 | _a7th ed | ||
| 260 |
_aசென்னை _bநியூ செஞ்சுரி புக் ஹவுஸ் _c2009 |
||
| 300 | _a[xii], 136 p., ill. | ||
| 650 | _aசட்டம் | ||
| 990 | _ad822ca07ac10000c3fa75af00b8e012e | ||
| 991 | _a9774 | ||
| 999 |
_c110734 _d110734 |
||